[Event "Open A Befana"]
[Site "Milano ITA"]
[Date "2010.01.05"]
[Round "5"]
[White "Astengo, Corrado"]
[Black "Bisignano, Giuseppe"]
[Result "1-0"]
[WhiteElo "2142"]
[BlackElo "1942"]
[PlyCount "49"]
[EventDate "2010.01.02"]

1. e4 d6 2. d4 Nf6 3. Nc3 g6 4. Bc4 Bg7 5. Nf3 O-O 6. Qe2 c6 7. a4 Qc7 8. e5
dxe5 9. dxe5 Ng4 10. e6 f5 11. O-O a5 12. h3 Ne5 13. Bf4 Nxf3+ 14. Qxf3 Qb6 15.
Bb3 Na6 16. Rad1 Nb4 17. Qe2 Bxc3 18. bxc3 Nd5 19. Bg5 Nxc3 20. Qe5 Nd5 21.
Rfe1 Nf6 22. Rd7 Ne4 23. Rxe7 Qxf2+ 24. Kh2 Nf6 25. Bxf6 1-0

[Event "Open A Befana"]
[Site "Milano ITA"]
[Date "2010.01.05"]
[Round "5"]
[White "Astengo, Marcello"]
[Black "Bertazzo, Giorgio"]
[Result "1-0"]
[WhiteElo "2104"]
[BlackElo "2105"]
[PlyCount "39"]
[EventDate "2010.01.02"]

1. d4 Nf6 2. c4 e6 3. Nf3 d5 4. Bg5 h6 5. Bh4 Bb4+ 6. Nbd2 dxc4 7. Qa4+ Nc6 8.
e3 g5 9. Bg3 g4 10. Ne5 Bxd2+ 11. Kxd2 Bd7 12. Nxc4 b5 13. Qxb5 Nxd4 14. Qe5
Nb3+ 15. Ke1 Nxa1 16. Bh4 Nc2+ 17. Ke2 O-O 18. Bxf6 Qb8 19. Qf4 Qb5 20. Qxg4+
1-0

[Event "Open A Befana"]
[Site "Milano ITA"]
[Date "2010.01.05"]
[Round "5"]
[White "Bemporad, Filippo"]
[Black "Marchini, Daniele"]
[Result "0-1"]
[WhiteElo "2081"]
[BlackElo "1802"]
[PlyCount "78"]
[EventDate "2010.01.02"]

1. Nf3 Nf6 2. d4 g6 3. c4 Bg7 4. Nc3 d5 5. cxd5 Nxd5 6. Qb3 Nxc3 7. bxc3 O-O 8.
e3 Nd7 9. Be2 c5 10. O-O Qc7 11. Ba3 b6 12. Rac1 Bb7 13. Rfd1 e6 14. Ng5 Rac8
15. Bb5 Bc6 16. Ba6 Bb7 17. Bc4 Rfe8 18. d5 exd5 19. Bxd5 Bxd5 20. Rxd5 Nf6 21.
Rdd1 Ne4 22. Nxe4 Rxe4 23. c4 Rd8 24. Rxd8+ Qxd8 25. Bb2 Bxb2 26. Qxb2 Rxc4 27.
Re1 Rb4 28. Qc2 Qc7 29. h3 b5 30. e4 Qe5 31. Qd3 c4 32. Qa3 Ra4 33. Qe3 Rxa2
34. f4 Qb2 35. Qf3 c3 36. f5 Ra1 37. Rxa1 Qxa1+ 38. Kh2 c2 39. fxg6 hxg6 0-1

[Event "Open A Befana"]
[Site "Milano ITA"]
[Date "2010.01.05"]
[Round "5"]
[White "Cazzaniga, Walter"]
[Black "Rota, Simone"]
[Result "1-0"]
[WhiteElo "2119"]
[BlackElo "2024"]
[PlyCount "73"]
[EventDate "2010.01.02"]

1. d4 d5 2. c4 e6 3. Nc3 c6 4. Nf3 Nf6 5. Bg5 Nbd7 6. e3 Be7 7. cxd5 exd5 8.
Qc2 O-O 9. Bd3 Re8 10. O-O-O Nf8 11. h3 b6 12. Ne5 Bb7 13. Kb1 N6d7 14. Bxe7
Qxe7 15. Nxd7 Qxd7 16. g4 Re7 17. g5 Qd6 18. h4 a6 19. Na4 Qd8 20. Qb3 Nd7 21.
h5 Rb8 22. g6 fxg6 23. hxg6 h6 24. e4 Nf6 25. e5 Nd7 26. f4 c5 27. Bf5 c4 28.
Qh3 Nf8 29. Bc2 Ne6 30. f5 Ng5 31. Qh5 Rc7 32. f6 Qf8 33. Rdf1 Bc6 34. f7+ Kh8
35. Qxg5 Bxa4 36. Rxh6+ gxh6 37. Rh1 1-0

[Event "Open A Befana"]
[Site "Milano ITA"]
[Date "2010.01.05"]
[Round "5"]
[White "Faccio, Fabio"]
[Black "Vallone, Ugo"]
[Result "1/2-1/2"]
[WhiteElo "1937"]
[BlackElo "1919"]
[PlyCount "105"]
[EventDate "2010.01.02"]

1. e4 d6 2. d4 g6 3. Nc3 Bg7 4. f4 a6 5. Nf3 b5 6. Bd3 Bg4 7. Be3 b4 8. Ne2
Bxf3 9. gxf3 Qc8 10. h4 Nd7 11. Qd2 c5 12. e5 f5 13. c3 c4 14. Bc2 Qb7 15. Kf2
a5 16. h5 Nh6 17. hxg6 hxg6 18. Rag1 Ng4+ 19. Kg3 Rxh1 20. Rxh1 O-O-O 21. Rh7
dxe5 22. fxg4 fxg4 23. Ng1 Nf6 24. Rh4 Nh5+ 25. Kxg4 exf4 26. Bxf4 Nxf4 27.
Kxf4 g5+ 28. Kg4 gxh4 29. Bf5+ Kb8 30. Qh2+ e5 31. Nf3 Bf6 32. dxe5 Rg8+ 33.
Kf4 Rg3 34. Qf2 Rxf3+ 35. Qxf3 Bxe5+ 36. Kg4 Qxf3+ 37. Kxf3 b3 38. axb3 cxb3
39. Be6 a4 40. Bd7 a3 41. bxa3 b2 42. Bf5 Bxc3 43. a4 Be5 44. Kg4 Bf6 45. Bd3
Bd8 46. Be4 Ka7 47. a5 Ka6 48. Bf5 Kxa5 49. Bg6 Kb4 50. Kh3 Kc3 51. Kh2 Kd2 52.
Kh1 h3 53. Kh2 1/2-1/2

[Event "Open A Befana"]
[Site "Milano ITA"]
[Date "2010.01.05"]
[Round "5"]
[White "Gagliardi, Christian"]
[Black "Bozzali, Ermanno"]
[Result "1/2-1/2"]
[WhiteElo "2222"]
[BlackElo "2120"]
[PlyCount "39"]
[EventDate "2010.01.02"]

1. e4 e5 2. Nf3 Nf6 3. Nxe5 d6 4. Nf3 Nxe4 5. d4 d5 6. Bd3 Bd6 7. c4 c6 8. Nc3
Nxc3 9. bxc3 dxc4 10. Bxc4 O-O 11. O-O Bg4 12. h3 Bh5 13. Re1 Nd7 14. g4 Nb6
15. Bb3 Bg6 16. Bg5 Qc7 17. Nh4 Rae8 18. Qf3 Nd5 19. Nxg6 hxg6 20. Kg2 1/2-1/2

[Event "Open A Befana"]
[Site "Milano ITA"]
[Date "2010.01.05"]
[Round "5"]
[White "Marinone, Lucio"]
[Black "Colombo, Luca"]
[Result "1-0"]
[WhiteElo "1997"]
[BlackElo "1874"]
[PlyCount "99"]
[EventDate "2010.01.02"]

1. d4 Nf6 2. c4 e5 3. dxe5 Ng4 4. Nf3 Bc5 5. e3 Nc6 6. Be2 Ncxe5 7. Nxe5 Nxe5
8. O-O a5 9. Nc3 O-O 10. Ne4 d6 11. Nxc5 dxc5 12. b3 Qe7 13. Bb2 Ra6 14. Qd5
Re6 15. Rad1 c6 16. Qd2 Rg6 17. Bxe5 Qxe5 18. f4 Qe7 19. Bf3 Bg4 20. Bxg4 Rxg4
21. Rfe1 Qe4 22. Re2 Re8 23. Qd3 Qxd3 24. Rxd3 h5 25. Kf2 Re7 26. Red2 Rg6 27.
Rd7 Rge6 28. Rxe7 Rxe7 29. Kf3 f5 30. Rd8+ Kf7 31. Ra8 b6 32. Rb8 a4 33. Rxb6
axb3 34. axb3 Re6 35. Rb7+ Kf6 36. Ra7 g5 37. Ra5 g4+ 38. Ke2 h4 39. Rxc5 Kg6
40. b4 Rf6 41. Ra5 Kf7 42. Ra6 Ke7 43. b5 Kd7 44. Rxc6 Rxc6 45. bxc6+ Kxc6 46.
Kd3 Kc5 47. Kc3 Kd6 48. Kd4 Ke6 49. c5 h3 50. g3 1-0

[Event "Open A Befana"]
[Site "Milano ITA"]
[Date "2010.01.05"]
[Round "5"]
[White "Mintenko, Heorhiy"]
[Black "Barberi, Alessandro"]
[Result "1-0"]
[WhiteElo "2167"]
[BlackElo "2112"]
[PlyCount "120"]
[EventDate "2010.01.02"]

1. Nf3 g6 2. d4 Bg7 3. Bf4 d6 4. e3 a6 5. a4 b6 6. Be2 Bb7 7. O-O Nd7 8. c3
Ngf6 9. h3 O-O 10. Nbd2 Re8 11. Nc4 Ne4 12. Bh2 h6 13. Qb3 e6 14. Rfe1 f5 15.
Ncd2 Kh7 16. Rad1 Qe7 17. a5 e5 18. axb6 cxb6 19. Nc4 Rab8 20. Qa3 Qe6 21. Nfd2
Bf8 22. Nxe4 fxe4 23. Bg4 Qxc4 24. Bxd7 Red8 25. Bg4 exd4 26. Rxd4 Qc6 27. Qb3
Bg7 28. Rd2 h5 29. Be6 Be5 30. Red1 Qc7 31. Bd5 b5 32. Bxb7 Bxh2+ 33. Kxh2 Rxb7
34. Qd5 Rf8 35. Kg1 b4 36. c4 Rb6 37. Qxe4 b3 38. Rd5 Kh6 39. Qd4 Rc6 40. Rxd6
Rxc4 41. Qd3 Qf7 42. Rxg6+ Qxg6 43. Qxc4 Rg8 44. Qf4+ Kh7 45. Rd7+ Rg7 46.
Rxg7+ Kxg7 47. e4 Qb6 48. Qe5+ Kh6 49. Qh8+ Kg5 50. Qg8+ Kh6 51. e5 Qb4 52.
Qe6+ Kh7 53. Qf7+ Kh6 54. e6 Qe1+ 55. Kh2 Qe5+ 56. f4 Qg7 57. Qf5 h4 58. Qe4
Qe7 59. Qe3 Kg6 60. Qxb3 Kf5 1-0

[Event "Open A Befana"]
[Site "Milano ITA"]
[Date "2010.01.05"]
[Round "5"]
[White "Orsi, Matteo"]
[Black "De Santis, Massimo"]
[Result "0-1"]
[WhiteElo "1950"]
[BlackElo "1893"]
[PlyCount "50"]
[EventDate "2010.01.02"]

1. Nf3 Nf6 2. g3 d5 3. Bg2 c5 4. d3 Nc6 5. O-O e5 6. Bg5 h6 7. Bxf6 Qxf6 8.
Nfd2 Qd8 9. Nc3 Be6 10. e4 d4 11. Nd5 Qd7 12. a3 O-O-O 13. Nc4 Kb8 14. Qd2 f6
15. b4 Ne7 16. Nxe7 Bxe7 17. Nb2 Rc8 18. Rfc1 h5 19. c4 dxc3 20. Rxc3 cxb4 21.
axb4 Rxc3 22. Qxc3 Rc8 23. Qe1 Qd4 24. Qe2 Bxb4 25. Rf1 Bg4 0-1

[Event "Open A Befana"]
[Site "Milano ITA"]
[Date "2010.01.05"]
[Round "5"]
[White "Paganini, Andrea"]
[Black "Parenti, Davide"]
[Result "1-0"]
[WhiteElo "1771"]
[BlackElo "2037"]
[PlyCount "105"]
[EventDate "2010.01.02"]

1. e4 e5 2. Nf3 Nc6 3. Bc4 Bc5 4. c3 Nf6 5. d4 exd4 6. e5 d5 7. Bb5 Ne4 8. cxd4
Bb4+ 9. Nbd2 O-O 10. O-O Bg4 11. Bxc6 bxc6 12. Qc2 Nxd2 13. Nxd2 Qd7 14. Nb3
Bf5 15. Qe2 Rfe8 16. Bd2 Bf8 17. Rac1 Rab8 18. Qa6 Rb6 19. Qxa7 Bd3 20. Rfe1
Ra6 21. Nc5 Bxc5 22. Qxc5 Rxa2 23. Qxc6 Qxc6 24. Rxc6 Rxb2 25. Ba5 Ra8 26. Rxc7
h6 27. Rc5 Bc4 28. f4 Ra2 29. Bc7 Rd2 30. f5 Raa2 31. e6 fxe6 32. fxe6 Rxg2+
33. Kh1 Rge2 34. Rxe2 Rxe2 35. Be5 Kf8 36. Bd6+ Kg8 37. Rc8+ Kh7 38. e7 Bb5 39.
Be5 g5 40. e8=Q Bxe8 41. Rxe8 Kg6 42. Kg1 h5 43. Kf1 Rb2 44. Rb8 Ra2 45. Rb5
Kf5 46. Rxd5 Ke4 47. Rb5 Ra1+ 48. Ke2 Ra2+ 49. Kd1 h4 50. Rb8 g4 51. Rh8 Kd3
52. Kc1 Re2 53. Rxh4 1-0

[Event "Open A Befana"]
[Site "Milano ITA"]
[Date "2010.01.05"]
[Round "5"]
[White "Papa, Angelo"]
[Black "Gori, Andrea"]
[Result "0-1"]
[WhiteElo "1852"]
[BlackElo "2173"]
[PlyCount "76"]
[EventDate "2010.01.02"]

1. d4 Nf6 2. Nf3 d5 3. c4 c6 4. cxd5 cxd5 5. Nc3 e6 6. Bf4 Be7 7. e3 O-O 8. Bd3
Nc6 9. Rc1 Nh5 10. Bg3 g6 11. O-O Nxg3 12. hxg3 f5 13. a3 g5 14. Ne5 Nxe5 15.
dxe5 g4 16. Nb5 Bd7 17. Nd4 Qb8 18. Bb5 Bc8 19. Qa4 Rd8 20. Rc3 a6 21. Bd3 Qxe5
22. Rfc1 Bd7 23. Qb3 b5 24. Nc6 Bxc6 25. Rxc6 Bd6 26. Qc3 Qxc3 27. R1xc3 Be5
28. Rc2 Kf7 29. Kf1 Ra7 30. b4 Ke7 31. f4 Bd6 32. Ke2 Kd7 33. Kd2 Rb8 34. Be2
a5 35. R6c5 Bxc5 36. Rxc5 axb4 37. Bxb5+ Rxb5 38. Rxb5 bxa3 0-1

[Event "Open A Befana"]
[Site "Milano ITA"]
[Date "2010.01.05"]
[Round "5"]
[White "Papale, Carmelo"]
[Black "Attuati, Stefano"]
[Result "0-1"]
[WhiteElo "1876"]
[BlackElo "1812"]
[PlyCount "58"]
[EventDate "2010.01.02"]

1. Nf3 d5 2. g3 g6 3. Bg2 Bg7 4. d3 c5 5. c3 Nc6 6. Nbd2 e5 7. e4 d4 8. Nb3 Qe7
9. O-O Nf6 10. Bd2 O-O 11. Qc1 Be6 12. Bh6 dxc3 13. Bxg7 Kxg7 14. Qxc3 c4 15.
Nbd2 Nd4 16. Nxd4 exd4 17. Qxd4 Rfd8 18. Qe5 cxd3 19. Rac1 Qb4 20. Rfd1 Bxa2
21. b3 Qa3 22. Bh3 a5 23. Rc7 Bxb3 24. Rb1 a4 25. Nxb3 axb3 26. Be6 Rf8 27.
Rxb3 Qa1+ 28. Qxa1 Rxa1+ 29. Kg2 d2 0-1

[Event "Open A Befana"]
[Site "Milano ITA"]
[Date "2010.01.05"]
[Round "5"]
[White "Santelli, Francesco"]
[Black "Rossi, Giampiero"]
[Result "1/2-1/2"]
[WhiteElo "1824"]
[BlackElo "1922"]
[PlyCount "72"]
[EventDate "2010.01.02"]

1. e4 c5 2. Nf3 e6 3. d4 cxd4 4. Nxd4 a6 5. Bd3 Nf6 6. Nc3 Qc7 7. a3 Nc6 8. Nf3
d6 9. O-O Be7 10. h3 O-O 11. Be3 b5 12. Re1 Bb7 13. Bf4 e5 14. Bg5 Na5 15. Bxf6
Bxf6 16. Qe2 Nc4 17. Rab1 Nxa3 18. Ra1 Nc4 19. Bxc4 Qxc4 20. Qxc4 bxc4 21. Red1
Rfd8 22. Nd2 d5 23. exd5 Bxd5 24. Nxd5 Rxd5 25. Nxc4 Rd4 26. b3 Kf8 27. Re1 e4
28. Rad1 Rad8 29. Rxd4 Rxd4 30. g3 g6 31. Kf1 Bg7 32. Kg2 f5 33. f3 exf3+ 34.
Kxf3 Kf7 35. Ne5+ Bxe5 36. Rxe5 Kf6 1/2-1/2

[Event "Open A Befana"]
[Site "Milano ITA"]
[Date "2010.01.05"]
[Round "5"]
[White "Soncin, Denis"]
[Black "Pelizzola, Danilo"]
[Result "0-1"]
[WhiteElo "2038"]
[BlackElo "2077"]
[PlyCount "124"]
[EventDate "2010.01.02"]

1. e4 c5 2. d3 Nc6 3. g3 g6 4. Bg2 Bg7 5. c3 e6 6. f4 Nge7 7. Be3 b6 8. Nf3 Bb7
9. Na3 O-O 10. O-O d6 11. Nc2 Qc7 12. Nh4 f5 13. Nf3 Rae8 14. Qd2 Nd8 15. Ng5
h6 16. Nh3 Kh7 17. Rad1 Nf7 18. Bf3 e5 19. Qg2 Bc8 20. Nf2 Be6 21. a3 Qc8 22.
h3 Rg8 23. Kh2 Bf6 24. g4 exf4 25. Bxf4 Ne5 26. d4 Nxf3+ 27. Qxf3 Ref8 28. Qe2
cxd4 29. Nxd4 Bc4 30. Nd3 g5 31. Bxd6 Bxd4 32. cxd4 Qe6 33. Be5 f4 34. Qd2 Ng6
35. Rf3 Bxd3 36. Qxd3 Nxe5 37. dxe5 Qxe5 38. Qd7+ Rg7 39. Qd4 Re8 40. Rc3 Qxe4
41. Qxe4+ Rxe4 42. Rd2 Rge7 43. Rf3 Re2+ 44. Rf2 Rxf2+ 45. Rxf2 Kg6 46. Rc2 Re6
47. Kg2 h5 48. Kf2 hxg4 49. hxg4 Kf6 50. Rc3 a5 51. Kf3 Ke5 52. Rb3 Kd4 53. Rb5
Rg6 54. a4 Kc4 55. Ke4 Re6+ 56. Kf3 Re3+ 57. Kf2 Rb3 58. Rxg5 Rxb2+ 59. Kf3 Rb4
60. Rb5 Rxb5 61. axb5 Kd5 62. Kxf4 a4 0-1

[Event "Open A Befana"]
[Site "Milano ITA"]
[Date "2010.01.05"]
[Round "5"]
[White "Tagliaferri, Valerio"]
[Black "Corti, Massimo"]
[Result "1/2-1/2"]
[WhiteElo "1861"]
[BlackElo "2025"]
[PlyCount "93"]
[EventDate "2010.01.02"]

1. d4 Nf6 2. c4 g6 3. Nc3 Bg7 4. e4 d6 5. f3 O-O 6. Be3 c5 7. dxc5 dxc5 8. Qxd8
Rxd8 9. Bxc5 Nc6 10. Nd5 Nd7 11. Bxe7 Nxe7 12. Nxe7+ Kf8 13. Nxc8 Bxb2 14. Rd1
Raxc8 15. Be2 Nb6 16. Rxd8+ Rxd8 17. Nh3 Rc8 18. Kd2 Nxc4+ 19. Bxc4 Rxc4 20.
Rb1 Bf6 21. Rxb7 Ra4 22. Nf4 Be5 23. g3 Rxa2+ 24. Ke3 Bd6 25. Nd3 a5 26. Ra7 a4
27. e5 Be7 28. Ra8+ Kg7 29. f4 a3 30. h4 Rc2 31. g4 a2 32. f5 Bxh4 33. Nb4 Bg5+
34. Kf3 Rc3+ 35. Kg2 Rc4 36. f6+ Bxf6 37. exf6+ Kxf6 38. Nd5+ Kg5 39. Ne3 Re4
40. Kf3 Rf4+ 41. Kg3 Re4 42. Kf3 Re5 43. Rxa2 h5 44. gxh5 Kxh5 45. Rh2+ Kg5 46.
Rg2+ Kh5 47. Rh2+ 1/2-1/2

[Event "Open A Befana"]
[Site "Milano ITA"]
[Date "2010.01.06"]
[Round "6"]
[White "Attuati, Stefano"]
[Black "Soncin, Denis"]
[Result "0-1"]
[WhiteElo "1812"]
[BlackElo "2038"]
[PlyCount "124"]
[EventDate "2010.01.02"]

1. e4 c5 2. Nf3 a6 3. c4 Nc6 4. d4 cxd4 5. Nxd4 e5 6. Nb3 Bb4+ 7. Nc3 Nge7 8.
a3 Bxc3+ 9. bxc3 O-O 10. c5 f5 11. Bc4+ Kh8 12. exf5 d5 13. cxd6 Nxf5 14. d7
Qxd7 15. Qxd7 Bxd7 16. Nc5 Bc8 17. Ne6 Bxe6 18. Bxe6 Rf6 19. Ba2 h6 20. O-O Rd8
21. a4 Rd3 22. Rb1 Rxc3 23. Rxb7 Nfd4 24. Bb2 Ne2+ 25. Kh1 Rd3 26. Bb1 Rxf2 27.
Re1 Rd8 28. Be4 Rdf8 29. g3 Ned4 30. Bxc6 Nxc6 31. Bxe5 Nxe5 32. Rxe5 Ra2 33.
Kg1 Rc8 34. Re1 Rcc2 35. Rf7 Rg2+ 36. Kf1 Rxh2 37. Kg1 Rhg2+ 38. Kf1 Rxg3 39.
Ra7 Rxa4 40. Re6 a5 41. Re5 Rg5 42. Rxg5 hxg5 43. Ra6 Kh7 44. Kg2 g6 45. Ra8
Kg7 46. Ra7+ Kf6 47. Ra6+ Kf5 48. Ra8 Kg4 49. Rg8 Ra2+ 50. Kf1 Kg3 51. Rxg6 g4
52. Rc6 Ra1+ 53. Ke2 Kg2 54. Rf6 g3 55. Rf8 Kg1 56. Rf7 Ra2+ 57. Ke1 Rf2 58.
Ra7 Rf5 59. Ke2 g2 60. Ra8 Re5+ 61. Kd2 Kf2 62. Rf8+ Kg3 0-1

[Event "Open A Befana"]
[Site "Milano ITA"]
[Date "2010.01.06"]
[Round "6"]
[White "Barberi, Alessandro"]
[Black "Gagliardi, Christian"]
[Result "0-1"]
[WhiteElo "2112"]
[BlackElo "2222"]
[PlyCount "102"]
[EventDate "2010.01.02"]

1. d4 Nf6 2. Nf3 g6 3. g3 Bg7 4. Bg2 O-O 5. c4 d6 6. Nc3 Nc6 7. e4 a6 8. h3 Rb8
9. a4 a5 10. O-O Nd7 11. Be3 e5 12. d5 Nb4 13. Ne1 f5 14. exf5 gxf5 15. f4 exf4
16. gxf4 Qe7 17. Rf3 Nf6 18. Rg3 Bd7 19. Nc2 Nxc2 20. Qxc2 Nh5 21. Rf3 c5 22.
Bf2 Bf6 23. Kh2 Kh8 24. Re1 Qg7 25. Rg1 Qh6 26. Qd2 Rg8 27. Ne2 b6 28. b3 Bg7
29. Ng3 Nf6 30. Rd3 Ng4+ 31. Kh1 Nxf2+ 32. Qxf2 Bd4 33. Rxd4 cxd4 34. Ne2 Qf6
35. Nxd4 Rge8 36. Rd1 Re7 37. Nc6 Bxc6 38. dxc6 Qc3 39. Rxd6 Rg8 40. Kh2 Reg7
41. Bd5 Re8 42. Rd7 Rge7 43. Bf3 Re3 44. Bg2 Re2 45. Qh4 Rxg2+ 46. Kxg2 Rg8+
47. Qg5 Rxg5+ 48. fxg5 Qc2+ 49. Kg1 Qc1+ 50. Kf2 Qf4+ 51. Kg1 Qxg5+ 0-1

[Event "Open A Befana"]
[Site "Milano ITA"]
[Date "2010.01.06"]
[Round "6"]
[White "Bemporad, Filippo"]
[Black "Faccio, Fabio"]
[Result "1/2-1/2"]
[WhiteElo "2081"]
[BlackElo "1937"]
[PlyCount "88"]
[EventDate "2010.01.02"]

1. d4 Nf6 2. Nf3 e6 3. c4 Bb4+ 4. Bd2 c5 5. Nc3 O-O 6. a3 cxd4 7. Nxd4 Be7 8.
e3 Nc6 9. Be2 d5 10. Nxc6 bxc6 11. O-O Ba6 12. cxd5 Bxe2 13. Nxe2 cxd5 14. Bc3
Qd7 15. Ng3 Rfd8 16. Nh5 Nxh5 17. Qxh5 f5 18. g4 g6 19. Qh3 Rf8 20. Qg3 fxg4
21. Qxg4 Rf5 22. f4 Bc5 23. Rae1 d4 24. exd4 Bxd4+ 25. Kg2 Bxc3 26. bxc3 Qd2+
27. Qe2 Qxe2+ 28. Rxe2 Rc8 29. Rf3 Kf7 30. Rb2 Rfc5 31. Rd3 R8c7 32. Rb4 a5 33.
Ra4 Kf6 34. Rg3 Rd7 35. Re3 Rd2+ 36. Kg3 Rc2 37. Rae4 Rc6 38. h3 R2xc3 39.
Rxe6+ Rxe6 40. Rxc3 Re4 41. Kf3 Ra4 42. Rb3 Kf5 43. Kg3 h5 44. Rb5+ Kf6 1/2-1/2

[Event "Open A Befana"]
[Site "Milano ITA"]
[Date "2010.01.06"]
[Round "6"]
[White "Bertazzo, Giorgio"]
[Black "Paganini, Andrea"]
[Result "1-0"]
[WhiteElo "2105"]
[BlackElo "1771"]
[PlyCount "113"]
[EventDate "2010.01.02"]

1. e4 Nc6 2. Nf3 d6 3. d4 Nf6 4. Nc3 Bg4 5. Bb5 a6 6. Bxc6+ bxc6 7. O-O e6 8.
Qe2 Be7 9. e5 Nd7 10. Qc4 Bf5 11. Qxc6 O-O 12. Ne4 Rb8 13. Ng3 Rb6 14. Qc3 Bg6
15. Qd2 d5 16. Qe2 c5 17. dxc5 Nxc5 18. b3 f5 19. Rd1 f4 20. Nf1 Ne4 21. Bb2
Bb4 22. c4 Bc5 23. Bd4 Qe7 24. cxd5 exd5 25. Rac1 Rc8 26. Bxc5 Rxc5 27. Qb2
Rbc6 28. Rxc5 Qxc5 29. Qd4 Nc3 30. Qxc5 Ne2+ 31. Kh1 Rxc5 32. Nd4 Rc1 33. Rxc1
Nxc1 34. Nd2 Nd3 35. N2f3 Nxf2+ 36. Kg1 Ne4 37. a4 Nc5 38. a5 Nd3 39. Nc6 Kf8
40. Nb8 Be4 41. Nxa6 Ke7 42. b4 Bxf3 43. gxf3 Nxe5 44. Nc5 Nxf3+ 45. Kf2 Nd4
46. Nb3 Nb5 47. a6 Kd7 48. Nd4 Na7 49. h4 Kc7 50. Kf3 h6 51. h5 Kb6 52. b5 Nc8
53. Kxf4 Ne7 54. Ke5 g6 55. Kd6 Nc8+ 56. Kd7 Na7 57. hxg6 1-0

[Event "Open A Befana"]
[Site "Milano ITA"]
[Date "2010.01.06"]
[Round "6"]
[White "Bisignano, Giuseppe"]
[Black "Tagliaferri, Valerio"]
[Result "0-1"]
[WhiteElo "1942"]
[BlackElo "1861"]
[PlyCount "112"]
[EventDate "2010.01.02"]

1. e4 e5 2. Nf3 Nc6 3. Bc4 Bc5 4. b4 Bxb4 5. c3 Ba5 6. d4 exd4 7. O-O Nge7 8.
cxd4 d5 9. exd5 Nxd5 10. Ba3 Nce7 11. Nbd2 O-O 12. Ne4 c6 13. Rb1 Bf5 14. Bd3
b6 15. Ne5 Bxe4 16. Bxe4 Nc3 17. Qd3 Nxe4 18. Qxe4 Rc8 19. Rb3 Re8 20. Qf4 f6
21. Nc4 b5 22. Nxa5 Qxa5 23. Qg4 Nd5 24. Bc5 Qxa2 25. Ra3 Qe2 26. Qd7 Rc7 27.
Qf5 Qe4 28. Qh3 Nf4 29. Qf3 Qxf3 30. gxf3 Kf7 31. Rfa1 Ra8 32. Bd6 Ne2+ 33. Kf1
Rd7 34. Kxe2 Rxd6 35. Rxa7+ Rxa7 36. Rxa7+ Kg6 37. Ke3 Kh6 38. Re7 g5 39. Ke4
Kg6 40. Re8 f5+ 41. Ke3 Kh5 42. Rf8 Re6+ 43. Kd3 f4 44. Rb8 Kh4 45. d5 Rd6 46.
Ke4 Rxd5 47. Rc8 Rc5 48. Kd4 Rc4+ 49. Kd3 Kh3 50. Rh8 Kxh2 51. Rxh7+ Kg2 52.
Rg7 Rc5 53. Ke2 Re5+ 54. Kd3 c5 55. Rb7 b4 56. Kc4 Kxf2 0-1

[Event "Open A Befana"]
[Site "Milano ITA"]
[Date "2010.01.06"]
[Round "6"]
[White "Bozzali, Ermanno"]
[Black "Astengo, Marcello"]
[Result "0-1"]
[WhiteElo "2120"]
[BlackElo "2104"]
[PlyCount "84"]
[EventDate "2010.01.02"]

1. e4 e6 2. d4 d5 3. Nd2 Nf6 4. e5 Ng8 5. Bd3 c5 6. c3 Bd7 7. Ne2 Qb6 8. a4 Nc6
9. Nf3 cxd4 10. O-O dxc3 11. bxc3 Nge7 12. Ba3 Ng6 13. Bxf8 Kxf8 14. c4 Ngxe5
15. Nxe5 Nxe5 16. cxd5 exd5 17. Rb1 Qc7 18. Qb3 Bc6 19. Rfc1 g6 20. f4 Nxd3 21.
Qxd3 Qd6 22. f5 Kg7 23. Rf1 Rhe8 24. Nd4 Re4 25. f6+ Kg8 26. Rbd1 Bxa4 27. Rd2
Rae8 28. Qh3 Bd7 29. Qh6 Qf8 30. Qg5 R8e5 31. Qg3 Qc5 32. Qf2 a5 33. h3 b5 34.
Rfd1 b4 35. Rc2 Qd6 36. Rdc1 h6 37. Nc6 Rf5 38. Qb6 Rxf6 39. Qxa5 Bxh3 40. gxh3
Qg3+ 41. Rg2 Qe3+ 42. Kh2 Qf4+ 0-1

[Event "Open A Befana"]
[Site "Milano ITA"]
[Date "2010.01.06"]
[Round "6"]
[White "Colombo, Luca"]
[Black "Santelli, Francesco"]
[Result "1-0"]
[WhiteElo "1874"]
[BlackElo "1824"]
[PlyCount "107"]
[EventDate "2010.01.02"]

1. e4 c5 2. Nc3 Nc6 3. d3 e5 4. g3 d6 5. Bg2 Nf6 6. h3 Be7 7. Nge2 a6 8. O-O b5
9. Bg5 Rb8 10. f4 h6 11. Bxf6 Bxf6 12. Nd5 Be6 13. Nxf6+ Qxf6 14. f5 Bd7 15. c3
b4 16. Qd2 a5 17. g4 O-O 18. Ng3 bxc3 19. bxc3 Qh4 20. Nh5 Rb7 21. f6 g5 22.
Ng7 Rfb8 23. Rac1 Rb2 24. Rc2 Rb1 25. Rxb1 Rxb1+ 26. Rc1 Rb8 27. a3 a4 28. Rf1
Rb3 29. Nf5 Bxf5 30. exf5 Qg3 31. Qc2 Na5 32. Rb1 Qe3+ 33. Kh2 Qf4+ 34. Kh1
Rxb1+ 35. Qxb1 Nb3 36. Qe1 Kf8 37. Qe4 Qxe4 38. Bxe4 Nd2 39. Bc6 Nb1 40. Bxa4
Nxa3 41. Kg2 Nb1 42. c4 Nc3 43. Bc6 Na2 44. Kg3 Nb4 45. Be4 Ke8 46. Kf2 Kd8 47.
Ke2 Kc7 48. Kd2 Kb6 49. Kc3 Ka5 50. Bb7 Na2+ 51. Kd2 Kb4 52. Bd5 Nc3 53. Bxf7
e4 54. Be6 1-0

[Event "Open A Befana"]
[Site "Milano ITA"]
[Date "2010.01.06"]
[Round "6"]
[White "Corti, Massimo"]
[Black "Cartella, Giovanni"]
[Result "1-0"]
[WhiteElo "2025"]
[BlackElo "1862"]
[PlyCount "45"]
[EventDate "2010.01.02"]

1. d4 d5 2. Nf3 Bg4 3. Ne5 Bf5 4. c4 dxc4 5. Nc3 Nf6 6. f3 Bd7 7. Nxc4 e6 8. e4
Be7 9. Be3 O-O 10. Qb3 Nc6 11. Be2 b5 12. Nd2 a6 13. Qc2 e5 14. dxe5 Nxe5 15.
Nb3 Qc8 16. Nc5 Be6 17. b3 Rd8 18. O-O Ned7 19. Nxe6 fxe6 20. a4 c6 21. Rfc1 e5
22. Nd1 bxa4 23. Rxa4 1-0

[Event "Open A Befana"]
[Site "Milano ITA"]
[Date "2010.01.06"]
[Round "6"]
[White "Damia, Angelo"]
[Black "Marinone, Lucio"]
[Result "1-0"]
[WhiteElo "2315"]
[BlackElo "1997"]
[PlyCount "47"]
[EventDate "2010.01.02"]

1. e4 c5 2. a3 e6 3. b4 cxb4 4. axb4 Bxb4 5. Bb2 Nf6 6. e5 Nd5 7. c4 Nb6 8. Ra3
Bxa3 9. Bxa3 d5 10. Qg4 g6 11. Nc3 a6 12. h4 h5 13. Qf4 Nc6 14. Nf3 Qd7 15. Bc5
Qc7 16. Bd6 Qd8 17. Ng5 Qd7 18. c5 Nc4 19. Bxc4 dxc4 20. Nce4 Nb4 21. Nf6+ Kd8
22. Qxc4 b5 23. Qxb4 a5 24. Qxb5 1-0

[Event "Open A Befana"]
[Site "Milano ITA"]
[Date "2010.01.06"]
[Round "6"]
[White "De Santis, Massimo"]
[Black "Marchini, Daniele"]
[Result "1-0"]
[WhiteElo "1893"]
[BlackElo "1802"]
[PlyCount "69"]
[EventDate "2010.01.02"]

1. e4 c5 2. c3 d5 3. exd5 Qxd5 4. d4 g6 5. Be3 Bg7 6. Nf3 Bg4 7. Be2 cxd4 8.
Bxd4 Nf6 9. O-O Nc6 10. Be3 O-O 11. Na3 Rad8 12. Qa4 a6 13. Rfd1 Qe6 14. Ng5
Qc8 15. Bxg4 Qxg4 16. Qxg4 Nxg4 17. Bb6 Rxd1+ 18. Rxd1 Nb8 19. Ne4 f5 20. Ng5
Ne5 21. Ne6 Rf6 22. Rd8+ Bf8 23. Nxf8 Rxf8 24. Rd5 Nbc6 25. f4 Ng4 26. Rd7 Rf6
27. h3 Nh6 28. Nc4 Re6 29. Rxb7 Re4 30. b3 Rxf4 31. Rc7 Nd8 32. Rc8 Nhf7 33.
Bxd8 Nxd8 34. Rxd8+ Kf7 35. Ra8 1-0

[Event "Open A Befana"]
[Site "Milano ITA"]
[Date "2010.01.06"]
[Round "6"]
[White "Gori, Andrea"]
[Black "Astengo, Corrado"]
[Result "0-1"]
[WhiteElo "2173"]
[BlackElo "2142"]
[PlyCount "70"]
[EventDate "2010.01.02"]

1. e4 c5 2. Nf3 e6 3. d4 cxd4 4. Nxd4 a6 5. Nc3 Qc7 6. Bd3 Nf6 7. Qe2 d6 8. Be3
Be7 9. O-O b5 10. a3 Bb7 11. Kh1 Nbd7 12. f4 Nc5 13. Bg1 d5 14. exd5 Nxd5 15.
Nxd5 Bxd5 16. c4 bxc4 17. Bxc4 Qb7 18. b4 Ne4 19. Rac1 O-O 20. Nb3 Bxc4 21.
Rxc4 Nd6 22. Rc3 Bf6 23. Rh3 Rfd8 24. Nc5 Qb5 25. Qf3 a5 26. Rb1 axb4 27. Rxb4
Qa5 28. Nb7 Nxb7 29. Rxb7 Qe1 30. Qh5 Qe4 31. Qxf7+ Kh8 32. Re3 Qxf4 33. Rxe6
h6 34. Re3 Rd1 35. Rf3 Qd4 0-1